000 00396nam a2200169Ia 4500
001 9137
003 IN-NITTTR
005 20251114233044.0
008 251113s9999||||xx |||||||||||||| ||eng||
040 _beng
040 _cIN-NITTTR
041 _aeng
082 _a615.535 S64N
100 _aSingh, S. J.
245 2 _aA new approach to digestive disorders. /
_cSingh, S. J.
942 _2ddc
_cBK
999 _c11774
_d11774